000 00478nam a22001697a 4500
005 20240110120850.0
008 200314b xxu||||| |||| 00| 0 eng d
020 _a9788123909431
041 _aeng
100 _aWILLARD, HOBART H. , MERRITT,Jr LYNNE , DEAN ,JOHN A , SETTLE ,Jr FRANK A
_98254
245 _aINSTRUMENTAL METHODS OF ANALYSIS
250 _a7TH, ED. 2019
260 _bCBS PUBLISHER DISTRIBUTERS
_c2019
300 _a895,XXI;
650 _aPHARMACY
942 _cBK
999 _c6097
_d6095